1774 1677 1031 1458 1079 1343 1957 1119 1131 1759 1941 1858 1195 1371 1752 1685 1564 1436 1558 1219 1013 1957 1525 1602 1237 1923 1287 1421 1398 1019 1982 1675 1064 1140 1004 1260 1924 1990 1292 1105 1951 1707 1810 1720 1919 1357 1443 1446 1142 1130 1948 1166 1606 1319 1746 1427 1453 1935 1261 1470 1393 1081 1859 1344 1114 1148 1864 1933 1469 1368 1676 1912 1930 1392 1501 1371 1689 1731 1981 1548 1548 1157 1010 1882 1341 1695 1045 1146 1453 1166 1400 1848 1991 1636 1653 1066 1880 1613 1313 BCNSPRNW ULIB Ver.6.0+V

เปลี่ยนเป็นภาษาไทย

Change to English
 แสดงรายละเอียดบรรณานุกรม
  กลับหน้าหลัก

Brief Record : Get Marc (ISO 2709) : E-mail record : QR code < ปิดหน้าต่าง
LEADER : 00000nam 2200000uu 4500
001    13399129218
003     ULIB
008    260511s2568||||th 000 0 tha d
020 ^  ^a9786166268386
050 ^  ^aBF120^bอ398ร
100 ^  ^aอริยา คูหา.
245 ^  ^aแรงจูงใจและอารมณ์ จากบทเรียนสู่ความสำเร็จ :^bMotiuation and Emotion From Lesson to Success /^cอริยา คูหา.
250 ^  ^aพิมพ์ครั้งที่ 2.
260 ^  ^aสงขลา :^bโรงพิมพ์ฝ่ายเทคโนโลยี และนวัตกรรมการเรียนรู้ สำนักวิทยบริการ มหาวิทยาลัยสงขลานครินทร์ ,^c2568.
300 ^  ^a237 หน้า :^bตาราง : ภาพประกอบ
650 ^  ^aจิตวิทยา.
999    ^aประนอม เกษจรัล
รายการนี้ยังไม่มีแท็ก
คุณยังไม่ได้ล็อกอิน คุณสามารถมีกิจกรรมร่วมกับเว็บไซต์ได้ แต่ต้องล็อกอินก่อน ::
  ล็อกอิน

รายการสื่อสารสนเทศ

ลำดับที่ ประเภท เลขเรียก/บาร์โค้ด สถานที่ สถานะ
1. การศึกษาทั่วไป
หนังสือสำรอง
สถานะ=หนังสือสำรอง
BF120 อ398ร ฉ.1 
  Barcode: 012208
ห้องสมุดวิทยาเขตสวรรค์ประชารักษ์
►หนังสือทั่วไป
บนชั้น
2. การศึกษาทั่วไป
การศึกษาทั่วไป
BF120 อ398ร ฉ.2 
  Barcode: 012209
ห้องสมุดวิทยาเขตสวรรค์ประชารักษ์
►หนังสือทั่วไป
บนชั้น
3. การศึกษาทั่วไป
การศึกษาทั่วไป
BF120 อ398ร ฉ.3 
  Barcode: 012210
ห้องสมุดวิทยาเขตสวรรค์ประชารักษ์
►หนังสือทั่วไป
บนชั้น
4. การศึกษาทั่วไป
การศึกษาทั่วไป
BF120 อ398ร ฉ.4 
  Barcode: 012211
ห้องสมุดวิทยาเขตสวรรค์ประชารักษ์
►หนังสือทั่วไป
บนชั้น
5. การศึกษาทั่วไป
การศึกษาทั่วไป
BF120 อ398ร ฉ.5 
  Barcode: 012212
ห้องสมุดวิทยาเขตสวรรค์ประชารักษ์
►หนังสือทั่วไป
บนชั้น

รายการใกล้เคียง
    หัวเรื่อง [จิตวิทยา.]

BibComment


ยังไม่เคยถูกคอมเมนท์

คอมเมนท์ทรัพยากรรายการนี้
  คอมเมนท์: แรงจูงใจและอารมณ..


 Copyright 2026. Bcnsprnw @Library